01305nam a2200241Ia 4500001001100000003001000011008004100021040002500062041001400087100001600101245009200117250001100209260006800220300002700288500019100315501011400506520019100620650003400811942000700845957000600852999004300858952016200901L235-10308IT-CnALBA170116s9999||||xx |||||||||||||| ||und|| aIT-CnALBAcIT-CnALBA aFRANCESE  aMISSEREY E. 0aSOEUR CLAIRE DE JESUS, RELIGIEUSE BENEDICTINE. 1894-1924. DU DOUTE A LA CONTEMPLATION.  a2a ed. aBRUGES & PARISbDESCLEE DE BROUWER ET C. c1930 [1° Ed.: n.d.] a185 p. (prefazione: 5) aNELLA MORSA DEL DUBBIO. PREGHIERA E INVOCAZIONE DELLA LUCE DI DIO. VOCAZIONE BENEDETTINA. VIRTÙ MONASTICA. DIO E ANIMA. VITA MISTICA. CONSUMAZIONE. PENSIERI. LETTERE SULLA SOFFERENZA.  aSocietà San Paolo EM - Piazza San Paolo, 14 - 12051 ALBA (CN) (non commercial uses only) ® Copyright 2017 aNELLA MORSA DEL DUBBIO. PREGHIERA E INVOCAZIONE DELLA LUCE DI DIO. VOCAZIONE BENEDETTINA. VIRTÙ MONASTICA. DIO E ANIMA. VITA MISTICA. CONSUMAZIONE. PENSIERI. LETTERE SULLA SOFFERENZA.  aMARIA SS. ANGELI SANTI DEMONI cBK 71 a15061bSI g Copie: 1 c269486d269486 0010406L_2351030871aALBAbALBAd2017-01-16l0oL235-10308r2017-01-16 00:00:00w2017-01-16yBKz(data import: 16 gennaio 2017) - By Epidotti, Vaglietti.